[Event "Battle of Alberta"]
[Site "Red Deer CAN"]
[Date "1996.10.31"]
[Round "1"]
[White "Milne, Arthur"]
[Black "Ottosen, David"]
[Result "1-0"]
[WhiteElo "1974"]
[BlackElo "2000"]
[PlyCount "57"]
[EventDate "1996.10.31"]
[EventType "team"]
[EventRounds "2"]
[EventCountry "CAN"]

1. Nf3 g6 2. g3 Bg7 3. Bg2 c6 4. c4 Nf6 5. O-O O-O 6. d4 d5 7. Qb3 e6 8. Nc3 b6
9. Bf4 Ba6 10. cxd5 cxd5 11. Rac1 Nh5 12. Be5 Nc6 13. Bxg7 Nxg7 14. Qa4 Bb7 15.
Rfd1 Ne8 16. e4 Ne7 17. e5 a6 18. Qb3 Nc6 19. Na4 b5 20. Nc5 Qe7 21. Ne1 Rc8
22. Qe3 Ng7 23. Bh3 f5 24. exf6 Rxf6 25. Ned3 Nh5 26. Bxe6+ Kg7 27. Bxc8 Bxc8
28. Qxe7+ Nxe7 29. Ne5 1-0

[Event "Battle of Alberta"]
[Site "Red Deer CAN"]
[Date "1996.10.31"]
[Round "1"]
[White "Oberrauch, Martin"]
[Black "Quiring, John"]
[Result "1-0"]
[WhiteElo "2397"]
[BlackElo "1997"]
[PlyCount "79"]
[EventDate "1996.10.31"]
[EventType "team"]
[EventRounds "2"]
[EventCountry "CAN"]

1. c4 Nf6 2. g3 g6 3. Bg2 Bg7 4. Nc3 c6 5. e4 e5 6. Nge2 d6 7. d4 O-O 8. O-O
Nfd7 9. d5 c5 10. Rb1 f5 11. f3 Na6 12. Be3 Nf6 13. a3 Rf7 14. b4 b6 15. bxc5
Nxc5 16. h3 Qf8 17. Qd2 Ba6 18. Bxc5 bxc5 19. Nb5 Bh6 20. Qc3 fxe4 21. fxe4 Bg5
22. Bf3 Bxb5 23. cxb5 Qh6 24. Kg2 Nd7 25. Bg4 Bd2 26. Qd3 Rxf1 27. Rxf1 Nb6 28.
Qf3 Qg7 29. Be6+ Kh8 30. Qd3 Qh6 31. Rf7 Qe3 32. Qxe3 Bxe3 33. Rf3 Bd4 34. Kf1
c4 35. Ke1 a6 36. bxa6 Rxa6 37. g4 c3 38. g5 Rxa3 39. Rf8+ Kg7 40. Rg8# 1-0

[Event "Battle of Alberta"]
[Site "Red Deer CAN"]
[Date "1996.10.31"]
[Round "1"]
[White "Ristovic, Nenad"]
[Black "Grumic, Sasa"]
[Result "1/2-1/2"]
[WhiteElo "2327"]
[BlackElo "2242"]
[PlyCount "99"]
[EventDate "1996.10.31"]
[EventType "team"]
[EventRounds "2"]
[EventCountry "CAN"]

1. d4 Nf6 2. c4 g6 3. g3 Bg7 4. Bg2 O-O 5. Nc3 d6 6. Nf3 Nc6 7. O-O e5 8. d5
Na5 9. Nd2 c5 10. dxc6 Nxc6 11. Nde4 Ne8 12. Nb5 Nd4 13. Bg5 f6 14. Nxd4 exd4
15. Bf4 Be6 16. Rc1 g5 17. Bd2 h6 18. Bb4 f5 19. Nd2 Qb6 20. Ba3 Rc8 21. Qa4
Nf6 22. Qb3 Qxb3 23. axb3 Rfd8 24. Bxb7 Rb8 25. Bg2 d5 26. Bc5 Ne4 27. Bxe4
dxe4 28. Bxa7 Rb7 29. Bc5 d3 30. exd3 Rxd3 31. Rc2 Rbd7 32. Bb4 Bd4 33. c5 Bd5
34. c6 Rc7 35. Rfc1 e3 36. fxe3 Bxe3+ 37. Kf1 Bxd2 38. Bxd2 Rxc6 39. Rxc6 Bxc6
40. Ke1 Bb5 41. Rc3 Rd5 42. Rc7 Re5+ 43. Kd1 Bf1 44. Rc6 Kh7 45. h4 Rd5 46. Kc2
Bg2 47. Rc7+ Kg6 48. hxg5 hxg5 49. b4 Be4+ 50. Kc1 1/2-1/2

[Event "Battle of Alberta"]
[Site "Red Deer CAN"]
[Date "1996.10.31"]
[Round "1"]
[White "Schaeffer, Jonathan"]
[Black "Yearwood, Roy"]
[Result "0-1"]
[WhiteElo "2248"]
[BlackElo "2212"]
[PlyCount "154"]
[EventDate "1996.10.31"]
[EventType "team"]
[EventRounds "2"]
[EventCountry "CAN"]

1. d4 Nf6 2. Bg5 Ne4 3. Bh4 d5 4. f3 Nd6 5. e3 g6 6. Nc3 c6 7. e4 Bh6 8. Bf2
Qb6 9. Rb1 Be6 10. Bd3 Na6 11. Nge2 Nb4 12. O-O Qa5 13. a3 Nxd3 14. Qxd3 Nc4
15. Rfd1 O-O 16. f4 b5 17. Qg3 dxe4 18. Qh4 Bg7 19. Nxe4 h6 20. Qxe7 Bg4 21.
Re1 Rfe8 22. Qh4 Rxe4 23. Qxg4 Rae8 24. Nc3 Rxe1+ 25. Rxe1 Rxe1+ 26. Bxe1 Bxd4+
27. Kh1 Qd8 28. f5 Ne3 29. Qe4 Nxf5 30. Qxc6 Qe7 31. Bd2 b4 32. axb4 Qxb4 33.
Qb5 Qe7 34. Qd3 h5 35. b3 Qh4 36. Nd1 Be5 37. Qh3 Qd4 38. Qd3 Qa1 39. Be1 Kh7
40. Kg1 Ne3 41. Nxe3 Qxe1+ 42. Nf1 Bc7 43. Qf3 Kg7 44. g3 h4 45. gxh4 Bb6+ 46.
Kg2 Qxh4 47. Ng3 Qg5 48. c4 Qc1 49. Ne2 Qd1 50. h3 f5 51. Qc3+ Kf7 52. Qf3 Qe1
53. Qd5+ Kf6 54. Qd6+ Kg7 55. Qe7+ Kh6 56. Qf8+ Kh5 57. Qe7 Qf2+ 58. Kh1 Be3
59. Qh7+ Bh6 60. Qe7 f4 61. Qe6 Bg5 62. Qg4+ Kh6 63. h4 Bxh4 64. Qxf4+ Kh5 65.
Qxf2 Bxf2 66. Kg2 Bc5 67. Nc1 Kg4 68. Nd3 Bd4 69. b4 Kf5 70. Nc1 Ke4 71. c5 a6
72. Nb3 Be5 73. Na5 Kd5 74. Kf3 Bc7 75. Nb7 Kc6 76. Nd6 Bxd6 77. cxd6 Kxd6 0-1

[Event "Battle of Alberta"]
[Site "Red Deer CAN"]
[Date "1996.10.31"]
[Round "1"]
[White "Steele, Len"]
[Black "McLean, Nathan"]
[Result "1/2-1/2"]
[WhiteElo "1881"]
[BlackElo "2005"]
[PlyCount "62"]
[EventDate "1996.10.31"]
[EventType "team"]
[EventRounds "2"]
[EventCountry "CAN"]

1. c4 Nf6 2. Nc3 d5 3. cxd5 Nxd5 4. g3 e5 5. Bg2 c6 6. d3 Bb4 7. Bd2 Qa5 8. Qc2
Be6 9. Nf3 Nd7 10. O-O Qd8 11. a3 Bd6 12. d4 exd4 13. Nxd4 O-O 14. Nxe6 fxe6
15. Bh3 Qe7 16. Ne4 N7f6 17. Nxd6 Qxd6 18. e4 Nb6 19. Bb4 c5 20. Qxc5 Qxc5 21.
Bxc5 Rfe8 22. Bxb6 axb6 23. f3 Kf7 24. Rac1 Rac8 25. Kf2 Ke7 26. Ke2 Rc6 27.
Rxc6 bxc6 28. Rd1 Ra8 29. Ke3 Ne8 30. e5 Ra5 31. f4 Rb5 1/2-1/2

[Event "Battle of Alberta"]
[Site "Red Deer CAN"]
[Date "1996.10.31"]
[Round "1"]
[White "Wong, Ford"]
[Black "Kuczaj, Chris"]
[Result "0-1"]
[WhiteElo "2005"]
[BlackElo "2053"]
[PlyCount "80"]
[EventDate "1996.10.31"]
[EventType "team"]
[EventRounds "2"]
[EventCountry "CAN"]

1. d4 Nf6 2. c4 g6 3. Nc3 Bg7 4. e4 d6 5. Be3 O-O 6. f3 e5 7. d5 Nh5 8. Bd3 f5
9. exf5 gxf5 10. Nge2 c6 11. Qd2 Nd7 12. O-O-O Nc5 13. Bc2 cxd5 14. Nxd5 Ne6
15. Ndc3 Nf6 16. Bxf5 Nd4 17. Be4 Nxe4 18. Nxe4 d5 19. cxd5 Qxd5 20. N2c3 Qc6
21. Kb1 Bf5 22. Rc1 Rfd8 23. Qf2 Qa6 24. Qf1 Qe6 25. Qf2 Rac8 26. Ka1 Qa6 27.
Bxd4 exd4 28. Nb1 Be6 29. a3 Qd3 30. Nbd2 Qb5 31. Qg3 Kh8 32. Qg5 Qb6 33. Nf6
Bf7 34. Nh5 Bxh5 35. Rxc8 Rxc8 36. Qxh5 d3 37. Nc4 Qb3 38. Re1 Qxc4 39. Re4
Qc1+ 40. Ka2 Qxb2# 0-1

[Event "Battle of Alberta"]
[Site "Red Deer CAN"]
[Date "1996.10.31"]
[Round "1"]
[White "Zaradic, Ante"]
[Black "Willis, Bradley"]
[Result "1-0"]
[WhiteElo "2139"]
[BlackElo "2123"]
[PlyCount "93"]
[EventDate "1996.10.31"]
[EventType "team"]
[EventRounds "2"]
[EventCountry "CAN"]

1. d4 f5 2. Nf3 Nf6 3. Bg5 e6 4. Nc3 d5 5. Ne5 Nbd7 6. e3 Bd6 7. f4 O-O 8. Be2
Qe8 9. a3 Ne4 10. Nxe4 fxe4 11. O-O Nf6 12. c4 c6 13. Bh4 b6 14. b4 Bd7 15. g4
Kh8 16. Rf2 Ng8 17. Qf1 Nh6 18. Rc1 Bxe5 19. dxe5 Rc8 20. Qd1 Nf7 21. g5 Qe7
22. Bg3 g6 23. h4 Kg7 24. h5 gxh5 25. Rg2 Nh8 26. Rh2 Be8 27. Kg2 Bg6 28. Bxh5
Nf7 29. Bg4 Rcd8 30. cxd5 Rxd5 31. Qc2 c5 32. bxc5 Rxc5 33. Qb2 Rfc8 34. Rxc5
Rxc5 35. Be1 Nxg5 36. Bh4 Qc7 37. Kg3 Nf3 38. Bf6+ Kf7 39. Qb3 Rc4 40. Rh1 a6
41. Rd1 h5 42. Bd8 Qc8 43. Qxb6 hxg4 44. Qa7+ Kg8 45. Rd7 Rc1 46. Rg7+ Kh8 47.
Rh7+ 1-0

[Event "Battle of Alberta"]
[Site "Red Deer CAN"]
[Date "1996.10.31"]
[Round "2"]
[White "Danglapen, Leo"]
[Black "Karmali, Hafiz"]
[Result "0-1"]
[WhiteElo "2086"]
[BlackElo "2064"]
[PlyCount "62"]
[EventDate "1996.10.31"]
[EventType "team"]
[EventRounds "2"]
[EventCountry "CAN"]

1. e4 e5 2. f4 Bc5 3. Nf3 d6 4. Be2 Nc6 5. c3 Bg4 6. b4 Bb6 7. b5 Na5 8. d4 Nf6
9. fxe5 Nxe4 10. O-O O-O 11. exd6 cxd6 12. Bd3 d5 13. Qc2 Re8 14. Kh1 Bc7 15.
Nbd2 f5 16. Kg1 Rc8 17. Bb2 Bf4 18. Rae1 Nxd2 19. Rxe8+ Qxe8 20. Nxd2 Qe3+ 21.
Rf2 Bxh2+ 22. Kxh2 Qxf2 23. Nf3 Qxc2 24. Bxc2 Bxf3 25. gxf3 Re8 26. Bd3 Re3 27.
Bf1 Nc4 28. Bxc4 dxc4 29. Kg3 Re2 30. Ba3 Rxa2 31. Bb4 Kf7 0-1

[Event "Battle of Alberta"]
[Site "Red Deer CAN"]
[Date "1996.10.31"]
[Round "2"]
[White "Dartana, Christiaan"]
[Black "Gomboc, Dave"]
[Result "1/2-1/2"]
[WhiteElo "2059"]
[BlackElo "2069"]
[PlyCount "66"]
[EventDate "1996.10.31"]
[EventType "team"]
[EventRounds "2"]
[EventCountry "CAN"]

1. Nf3 Nf6 2. g3 g6 3. Bg2 Bg7 4. O-O O-O 5. d3 d5 6. Nbd2 Nbd7 7. e4 dxe4 8.
dxe4 e5 9. Re1 Re8 10. b3 b6 11. Bb2 Bb7 12. h4 Qe7 13. a4 Red8 14. Nh2 a5 15.
Ng4 Nxg4 16. Qxg4 Nf6 17. Qe2 Rd7 18. Bh3 Rdd8 19. Ba3 Qe8 20. Qe3 Bc8 21. Bg2
Ng4 22. Qc3 Ba6 23. Rad1 c6 24. Nc4 Bxc4 25. Qxc4 Rd4 26. Qe2 Rxd1 27. Rxd1 Nf6
28. Rd6 Bf8 29. Rxf6 Bxa3 30. Qc4 Bc5 31. Bh3 Kg7 32. Rf3 Rd8 33. Rd3 Qe7
1/2-1/2

[Event "Battle of Alberta"]
[Site "Red Deer CAN"]
[Date "1996.10.31"]
[Round "2"]
[White "Frialde, Arniel"]
[Black "Huber, Greg"]
[Result "0-1"]
[WhiteElo "2300"]
[BlackElo "2360"]
[PlyCount "62"]
[EventDate "1996.10.31"]
[EventType "team"]
[EventRounds "2"]
[EventCountry "CAN"]

1. d4 d5 2. Nf3 e6 3. Bf4 c5 4. e3 Nc6 5. c3 Nf6 6. Nbd2 Be7 7. Bd3 O-O 8. h4
Re8 9. Ne5 Nxe5 10. dxe5 Nd7 11. Nf3 Nf8 12. Ng5 f5 13. Rh3 Bd7 14. Rg3 h6 15.
Qh5 hxg5 16. hxg5 g6 17. Qh6 Qb6 18. O-O-O Rec8 19. Rh3 Kf7 20. Qh8 c4 21. Bc2
Ke8 22. Rh7 Kd8 23. Rf7 Be8 24. Rxf8 Bxf8 25. Qxf8 Qc5 26. Qg8 Qe7 27. e4 fxe4
28. Be3 Qf7 29. Qh8 Kc7 30. Qh2 Bc6 31. Bxe4 dxe4 0-1

[Event "Battle of Alberta"]
[Site "Red Deer CAN"]
[Date "1996.10.31"]
[Round "2"]
[White "Grumic, Sasa"]
[Black "Ristovic, Nenad"]
[Result "1-0"]
[WhiteElo "2242"]
[BlackElo "2347"]
[PlyCount "67"]
[EventDate "1996.10.31"]
[EventType "team"]
[EventRounds "2"]
[EventCountry "CAN"]

1. e4 e6 2. d4 d5 3. e5 c5 4. c3 Qb6 5. Nf3 Nc6 6. Bd3 cxd4 7. cxd4 Bd7 8. O-O
Nxd4 9. Nxd4 Qxd4 10. Qe2 Qb6 11. Nc3 a6 12. Kh1 Ne7 13. f4 g6 14. Be3 Qa5 15.
g4 Nc6 16. Bg1 Bg7 17. a3 Qc7 18. Rac1 b5 19. Bxb5 axb5 20. Nxb5 Qb8 21. Nd6+
Kf8 22. f5 exf5 23. gxf5 Bxe5 24. fxg6 f6 25. g7+ Kxg7 26. Qg2+ Kf8 27. Qxd5
Bxd6 28. Rxf6+ Ke7 29. Rxd6 Qxd6 30. Bc5 Qxc5 31. Qxc5+ Kd8 32. Qd6 Rc8 33. Rd1
Nb8 34. Qb6+ 1-0

[Event "Battle of Alberta"]
[Site "Red Deer CAN"]
[Date "1996.10.31"]
[Round "2"]
[White "Haessel, Dale"]
[Black "Fullbrook, Nigel"]
[Result "0-1"]
[WhiteElo "2221"]
[BlackElo "2243"]
[PlyCount "68"]
[EventDate "1996.10.31"]
[EventType "team"]
[EventRounds "2"]
[EventCountry "CAN"]

1. e4 Nf6 2. Nc3 d5 3. e5 d4 4. Nb5 Ng4 5. f4 a6 6. Na3 Nh6 7. Nf3 c5 8. Be2
Nc6 9. O-O e6 10. d3 Nf5 11. g4 Nh4 12. Qe1 Be7 13. Nc4 b5 14. Nxh4 bxc4 15.
Nf3 Nb4 16. Qd1 cxd3 17. Bxd3 Bb7 18. Bc4 O-O 19. Qe2 Qd7 20. f5 Qc6 21. a3 Nd5
22. Bd3 Ne3 23. Bxe3 dxe3 24. Rae1 Bh4 25. Rd1 Bf2+ 26. Rxf2 exf2+ 27. Kxf2
exf5 28. gxf5 Rad8 29. Rg1 Qh6 30. Rg2 Rfe8 31. f6 g6 32. Bc4 Bxf3 33. Kxf3 Rd4
34. e6 Qf4# 0-1

[Event "Battle of Alberta"]
[Site "Red Deer CAN"]
[Date "1996.10.31"]
[Round "2"]
[White "Kuczaj, Chris"]
[Black "Wong, Ford"]
[Result "1/2-1/2"]
[WhiteElo "2053"]
[BlackElo "2005"]
[PlyCount "88"]
[EventDate "1996.10.31"]
[EventType "team"]
[EventRounds "2"]
[EventCountry "CAN"]

1. c4 e5 2. Nc3 Nf6 3. Nf3 d6 4. d4 exd4 5. Nxd4 Be7 6. e4 O-O 7. Be2 Nbd7 8.
O-O Nc5 9. f3 a6 10. b4 Ne6 11. Nf5 c5 12. Nd5 Nxd5 13. cxd5 Nd4 14. Nxd4 cxd4
15. Bb2 f5 16. Bxd4 f4 17. Rc1 Bh4 18. Bf2 Rf7 19. Bc4 Bf6 20. Bd4 Kh8 21. Qd2
Bxd4+ 22. Qxd4 Rf6 23. Rf2 Bd7 24. a3 Rh6 25. Bf1 Qh4 26. h3 Qg3 27. Kh1 Rg6
28. Rfc2 h6 29. Qf2 Qg5 30. Rc7 Ba4 31. Rc8+ Rxc8 32. Rxc8+ Kh7 33. Qd4 Bb5 34.
Qf2 Qe5 35. Bxb5 axb5 36. Qc2 Qa1+ 37. Qc1 Qd4 38. Rf8 Qf2 39. Qg1 Qb2 40. Rxf4
Qxa3 41. Qb1 Qe3 42. Rg4 Rxg4 43. hxg4 Kg8 44. Qf1 Qc3 1/2-1/2

[Event "Battle of Alberta"]
[Site "Red Deer CAN"]
[Date "1996.10.31"]
[Round "2"]
[White "McLean, Nathan"]
[Black "Steele, Len"]
[Result "1/2-1/2"]
[WhiteElo "2005"]
[BlackElo "1881"]
[PlyCount "115"]
[EventDate "1996.10.31"]
[EventType "team"]
[EventRounds "2"]
[EventCountry "CAN"]

1. e4 e6 2. d4 b6 3. Nf3 d5 4. e5 c6 5. Bd3 Ba6 6. O-O Bxd3 7. Qxd3 Nd7 8. c3
Ne7 9. Ng5 h6 10. Nh7 g6 11. Nxf8 Kxf8 12. Nd2 Kg7 13. f4 Qc7 14. g4 h5 15. h3
hxg4 16. hxg4 Rh4 17. Qg3 Rah8 18. Nf3 Rh1+ 19. Kg2 Rxf1 20. Kxf1 Qc8 21. Nh4
Kf8 22. Be3 Qa6+ 23. Kf2 Qd3 24. Re1 Ke8 25. a3 Qc2+ 26. Re2 Qb1 27. Kg2 Qe4+
28. Nf3 g5 29. fxg5 Ng6 30. Kg1 Qb1+ 31. Qe1 Qe4 32. Qg3 Qb1+ 33. Kf2 Ndf8 34.
Qg1 Qd3 35. Bc1 Nh4 36. Nxh4 Rxh4 37. Qg3 Qh7 38. Kg2 Ng6 39. Re1 Ne7 40. Bd2
Ng6 41. Be3 Qh8 42. Bg1 Rh1 43. Bh2 Rxe1 44. Qxe1 Qh4 45. Qxh4 Nxh4+ 46. Kf2
Ng6 47. Bg3 Kd7 48. Ke2 Kc7 49. Kd3 Kb7 50. b3 a6 51. c4 Kc8 52. Kc3 Kb7 53.
Kb4 a5+ 54. Kc3 Ka6 55. b4 axb4+ 56. axb4 b5 57. cxd5 cxd5 58. Kd3 1/2-1/2

[Event "Battle of Alberta"]
[Site "Red Deer CAN"]
[Date "1996.10.31"]
[Round "2"]
[White "Ottosen, David"]
[Black "Milne, Arthur"]
[Result "1/2-1/2"]
[WhiteElo "2000"]
[BlackElo "1974"]
[PlyCount "141"]
[EventDate "1996.10.31"]
[EventType "team"]
[EventRounds "2"]
[EventCountry "CAN"]

1. d4 Nf6 2. c4 e5 3. dxe5 Ne4 4. a3 Nc6 5. g3 d6 6. Bg2 Nc5 7. b4 Ne6 8. exd6
Bxd6 9. Bb2 Qe7 10. Bxc6+ bxc6 11. c5 Bxc5 12. bxc5 O-O 13. Nf3 Rb8 14. Qc2
Nxc5 15. O-O Nb3 16. Nc3 Nxa1 17. Bxa1 Re8 18. Qa4 Qc5 19. Qf4 Rb3 20. Ng5 Qf5
21. Qxf5 Bxf5 22. a4 f6 23. Nf3 Rd8 24. e3 Bh3 25. Rc1 c5 26. Kh1 Kf7 27. Nb5
c6 28. Nc3 Rb4 29. Ng1 Be6 30. Kg2 a5 31. Nge2 Rd2 32. Nf4 Bb3 33. Kf3 Bc2 34.
e4 Bxa4 35. Nxa4 Rxa4 36. Bc3 Ra3 37. Ke3 Rd7 38. Nd3 c4 39. Nb2 Ra2 40. Nxc4
a4 41. Bb4 Ke6 42. Na5 c5 43. Rxc5 Rb2 44. Rc6+ Kf7 45. Rc4 Kg6 46. Bc3 Rc2 47.
Nc6 a3 48. Nd4 Rc1 49. Ne2 Rc2 50. Ra4 a2 51. f4 Rd1 52. e5 Rxc3+ 53. Nxc3 a1=Q
54. Rxa1 Rxa1 55. exf6 gxf6 56. Ne2 Rh1 57. h4 Rf1 58. g4 Ra1 59. h5+ Kf7 60.
Nd4 Ra3+ 61. Ke4 Rg3 62. Kf5 Ra3 63. Nc6 Ra8 64. g5 fxg5 65. fxg5 Rc8 66. Ne5+
Kg7 67. h6+ Kg8 68. g6 hxg6+ 69. Kxg6 Rc7 70. Ng4 Rg7+ 71. hxg7 1/2-1/2

[Event "Battle of Alberta"]
[Site "Red Deer CAN"]
[Date "1996.10.31"]
[Round "2"]
[White "Quiring, John"]
[Black "Oberrauch, Martin"]
[Result "0-1"]
[WhiteElo "1997"]
[BlackElo "2397"]
[PlyCount "40"]
[EventDate "1996.10.31"]
[EventType "team"]
[EventRounds "2"]
[EventCountry "CAN"]

1. d4 f5 2. c4 Nf6 3. Nc3 e6 4. e3 d5 5. Nf3 c6 6. Bd3 Bd6 7. c5 Bc7 8. b4 O-O
9. O-O Nbd7 10. Bb2 Ne4 11. Nd2 e5 12. dxe5 Nxe5 13. Bc2 Nxd2 14. Qxd2 f4 15.
Bd1 Nc4 16. Qc2 fxe3 17. Ne2 exf2+ 18. Rxf2 Bxh2+ 19. Kxh2 Qh4+ 20. Kg1 Qxf2+
0-1

[Event "Battle of Alberta"]
[Site "Red Deer CAN"]
[Date "1996.10.31"]
[Round "2"]
[White "Vasylev, Yuri"]
[Black "Maric, Victor"]
[Result "0-1"]
[WhiteElo "2247"]
[BlackElo "2222"]
[PlyCount "131"]
[EventDate "1996.10.31"]
[EventType "team"]
[EventRounds "2"]
[EventCountry "CAN"]

1. e4 c5 2. Nf3 d6 3. d4 cxd4 4. Nxd4 Nf6 5. Nc3 g6 6. Be2 Bg7 7. O-O O-O 8.
Be3 Nc6 9. Qd2 Ng4 10. Bxg4 Bxg4 11. Nxc6 bxc6 12. Bh6 Qb6 13. Rab1 Be6 14.
Rfe1 Rfd8 15. Bxg7 Kxg7 16. b3 d5 17. e5 Qb4 18. Rbd1 Rac8 19. Ne2 a5 20. c3
Qb6 21. Qg5 Rd7 22. Nf4 c5 23. Nh5+ Kh8 24. Ng3 Rg8 25. h4 Qd8 26. Rd3 Qf8 27.
Rf3 Qg7 28. Qc1 Rc7 29. Qd2 Rd7 30. Qc1 Rc7 31. Nf1 Bf5 32. Qf4 Be6 33. Rg3 Qf8
34. Nd2 Rd7 35. Nf3 h6 36. Kh2 Kh7 37. Rd1 f5 38. exf6 Qxf6 39. Qxf6 exf6 40.
Re1 Re8 41. Nd2 Rde7 42. Rge3 Kg7 43. c4 Kf7 44. cxd5 Bxd5 45. Rxe7+ Rxe7 46.
Rxe7+ Kxe7 47. Kg3 Ke6 48. Kf4 f5 49. f3 Kf6 50. Ke3 g5 51. hxg5+ Kxg5 52. g3
h5 53. a3 Be6 54. a4 Bd5 55. Kf2 f4 56. Kg2 Kf5 57. Kh3 Ke5 58. g4 Be6 59. Nc4+
Kd4 60. Nxa5 hxg4+ 61. fxg4 Ke3 62. Nc4+ Bxc4 63. bxc4 f3 64. a5 f2 65. Kh4
f1=Q 66. g5 0-1

[Event "Battle of Alberta"]
[Site "Red Deer CAN"]
[Date "1996.10.31"]
[Round "2"]
[White "Willis, Bradley"]
[Black "Zaradic, Ante"]
[Result "1/2-1/2"]
[WhiteElo "2123"]
[BlackElo "2139"]
[PlyCount "66"]
[EventDate "1996.10.31"]
[EventType "team"]
[EventRounds "2"]
[EventCountry "CAN"]

1. e4 e6 2. d3 d5 3. Nd2 Nf6 4. Ngf3 b6 5. g3 Bb7 6. e5 Nfd7 7. Bg2 c5 8. O-O
Nc6 9. Re1 Be7 10. h4 h6 11. h5 Qc7 12. Qe2 Rc8 13. c3 Ba6 14. Nf1 b5 15. Bf4
b4 16. Ne3 Qa5 17. Nxd5 bxc3 18. Nxc3 Nd4 19. Qd2 Nb6 20. Rac1 Nd5 21. Nxd5
Qxd2 22. Bxd2 Nxf3+ 23. Bxf3 exd5 24. Bxd5 Bxd3 25. Be4 Bb5 26. Bc3 O-O 27.
Rcd1 Rcd8 28. Bf3 Bc4 29. b3 Be6 30. Be2 Rb8 31. Ba5 Rfc8 32. Rc1 Rc6 33. f3 c4
1/2-1/2

[Event "Battle of Alberta"]
[Site "Red Deer CAN"]
[Date "1996.10.31"]
[Round "2"]
[White "Yearwood, Roy"]
[Black "Schaeffer, Jonathan"]
[Result "1/2-1/2"]
[WhiteElo "2212"]
[BlackElo "2248"]
[PlyCount "89"]
[EventDate "1996.10.31"]
[EventType "team"]
[EventRounds "2"]
[EventCountry "CAN"]

1. d4 Nf6 2. c4 e6 3. Nc3 Bb4 4. Nf3 O-O 5. Qb3 Qe7 6. g3 c5 7. Bg2 Nc6 8. dxc5
Ne4 9. O-O Bxc3 10. bxc3 Nxc5 11. Qa3 d6 12. Be3 Bd7 13. Rfd1 Rfd8 14. Rab1 Be8
15. Nd2 b6 16. Nb3 Rac8 17. h3 Ne5 18. Rd4 Na4 19. Nd2 Nc6 20. Rh4 Na5 21. Rd1
f5 22. Qc1 Qf6 23. Bd4 e5 24. Bd5+ Kh8 25. Be3 g5 26. Ne4 fxe4 27. Bxg5 Qg7 28.
Bxd8 Rxd8 29. Rg4 Bg6 30. Bxe4 Nc5 31. Bd5 Rf8 32. Qg5 Qf6 33. Qh6 Qxf2+ 34.
Kh1 Rf6 35. Bg2 Qxg2+ 36. Kxg2 Be4+ 37. Rxe4 Rxh6 38. Rg4 Rf6 39. Rd2 Na4 40.
Rd3 Nc5 41. Rf3 Nd7 42. Kf2 Rxf3+ 43. exf3 Nf6 44. Rh4 Kg7 45. Ke3 1/2-1/2

[Event "Beloeil CC-ch"]
[Site "Beloeil CAN"]
[Date "1996.10.01"]
[Round "1"]
[White "Charest, Johanne"]
[Black "Hamel, Jean-Yves"]
[Result "1-0"]
[WhiteElo "1831"]
[BlackElo "1085"]
[PlyCount "89"]
[EventDate "1996.10.01"]
[EventType "swiss"]
[EventRounds "6"]
[EventCountry "CAN"]

1. e4 c5 2. Nc3 e6 3. g3 Nc6 4. Bg2 d6 5. d3 Be7 6. Be3 Bd7 7. Nge2 Ne5 8. f3
b6 9. Qd2 Bf6 10. f4 Ng4 11. e5 d5 12. exf6 N8xf6 13. h3 Nxe3 14. Qxe3 Bc6 15.
Qf2 Qd7 16. g4 Qc7 17. Ng3 g6 18. d4 Nd7 19. O-O-O c4 20. Rde1 O-O-O 21. f5
Rhe8 22. fxe6 fxe6 23. Rhf1 Rf8 24. Qe3 Rde8 25. Rxf8 Nxf8 26. Qe5 a6 27. Qxc7+
Kxc7 28. Rf1 a5 29. Rf7+ Kd8 30. a4 Kc8 31. Nb5 Bxb5 32. axb5 h6 33. Ne2 g5 34.
Ng3 Ng6 35. Nh5 Nf4 36. Nxf4 gxf4 37. Rxf4 Kd7 38. Rf7+ Re7 39. Rxe7+ Kxe7 40.
Kd2 Kf6 41. h4 Kg6 42. Ke3 Kg7 43. Kf4 Kf6 44. Bf3 c3 45. b3 1-0

[Event "Beloeil CC-ch"]
[Site "Beloeil CAN"]
[Date "1996.10.15"]
[Round "2"]
[White "Therrien, Michel"]
[Black "Mikanovic, Goran"]
[Result "0-1"]
[WhiteElo "1968"]
[BlackElo "2335"]
[PlyCount "50"]
[EventDate "1996.10.01"]
[EventType "swiss"]
[EventRounds "6"]
[EventCountry "CAN"]

1. e4 c5 2. Nf3 e6 3. d4 cxd4 4. Nxd4 a6 5. Bd3 g6 6. Nc3 Bg7 7. Be2 Ne7 8. O-O
O-O 9. Bg5 h6 10. Be3 b5 11. Qd2 Kh7 12. Nb3 Nbc6 13. Rad1 f5 14. Nc5 b4 15.
N3a4 d5 16. exd5 Nxd5 17. Nb3 f4 18. Bc5 f3 19. Bxf3 Rxf3 20. gxf3 Ne5 21. Qf4
Nxf4 22. Rxd8 Nxf3+ 23. Kh1 Bb7 24. Rxa8 Bxa8 25. Rd1 Nd2+ 0-1

[Event "Beloeil CC-ch"]
[Site "Beloeil CAN"]
[Date "1996.10.22"]
[Round "3"]
[White "Berube, Richard"]
[Black "Ross, Dave"]
[Result "1-0"]
[WhiteElo "2332"]
[BlackElo "2325"]
[PlyCount "51"]
[EventDate "1996.10.01"]
[EventType "swiss"]
[EventRounds "6"]
[EventCountry "CAN"]

1. e4 c5 2. Nf3 d6 3. d4 cxd4 4. Nxd4 Nf6 5. Nc3 a6 6. Bc4 e6 7. Bb3 b5 8. f4
b4 9. Na4 Nxe4 10. O-O d5 11. f5 Bd6 12. fxe6 fxe6 13. Qg4 Qc7 14. Nxe6 Bxh2+
15. Kh1 Ng3+ 16. Kxh2 Nxf1+ 17. Kg1 Qa7+ 18. Kh1 Ng3+ 19. Qxg3 Bxe6 20. Be3 d4
21. Bxe6 dxe3 22. Bd5 Nd7 23. Bxa8 Qxa8 24. Qxe3+ Kf7 25. Qb3+ Kg6 26. Qd3+ 1-0

[Event "Beloeil CC-ch"]
[Site "Beloeil CAN"]
[Date "1996.10.29"]
[Round "4"]
[White "Berube, Richard"]
[Black "Mikanovic, Goran"]
[Result "1-0"]
[WhiteElo "2332"]
[BlackElo "2335"]
[PlyCount "60"]
[EventDate "1996.10.01"]
[EventType "swiss"]
[EventRounds "6"]
[EventCountry "CAN"]

1. e4 c5 2. Nf3 e6 3. d4 cxd4 4. Nxd4 a6 5. Nc3 Qc7 6. Be2 Nf6 7. O-O Bb4 8.
Qd3 Nc6 9. Nb3 Be7 10. f4 d6 11. Qg3 g6 12. Kh1 b5 13. Bd3 Bb7 14. Bd2 b4 15.
Ne2 d5 16. e5 Nd7 17. c3 Nb6 18. cxb4 Nxb4 19. Bxb4 Bxb4 20. a3 Be7 21. Rac1
Qd7 22. Nbd4 Na4 23. f5 gxf5 24. Qg7 Rf8 25. Nf4 Nxb2 26. Bxf5 Nc4 27. Nfxe6
fxe6 28. Bxe6 Rxf1+ 29. Rxf1 Kd8 30. Bxd7 Kxd7 1-0

[Event "Beloeil CC-ch"]
[Site "Beloeil CAN"]
[Date "1996.10.29"]
[Round "4"]
[White "Charest, Johanne"]
[Black "Therrien, Michel"]
[Result "0-1"]
[WhiteElo "1831"]
[BlackElo "1965"]
[PlyCount "74"]
[EventDate "1996.10.01"]
[EventType "swiss"]
[EventRounds "6"]
[EventCountry "CAN"]

1. e4 c5 2. Nc3 Nc6 3. g3 g6 4. Bg2 Bg7 5. d3 e6 6. Be3 d6 7. Qd2 Qb6 8. Nd1
Bd7 9. Ne2 Nge7 10. Bh6 Bxh6 11. Qxh6 O-O-O 12. c3 f5 13. Qd2 Rhf8 14. Ne3 e5
15. Nc4 Qc7 16. f4 Be6 17. Ne3 d5 18. exd5 Nxd5 19. Nxd5 Bxd5 20. Bxd5 Rxd5 21.
fxe5 Nxe5 22. O-O Nxd3 23. Nf4 Nxf4 24. Qxf4 Qxf4 25. Rxf4 Re8 26. Kf1 Rd2 27.
Rf2 Red8 28. Re1 Rxf2+ 29. Kxf2 Rd2+ 30. Re2 Rxe2+ 31. Kxe2 Kd7 32. Kd3 Kd6 33.
a3 Kd5 34. c4+ Ke5 35. Ke3 g5 36. h4 h6 37. b3 a5 0-1

[Event "Beloeil CC-ch"]
[Site "Beloeil CAN"]
[Date "1996.11.05"]
[Round "5"]
[White "Charbonneau, Daniel"]
[Black "Charest, Johanne"]
[Result "0-1"]
[WhiteElo "1589"]
[BlackElo "1831"]
[PlyCount "66"]
[EventDate "1996.10.01"]
[EventType "swiss"]
[EventRounds "6"]
[EventCountry "CAN"]

1. e4 e5 2. Nf3 Nc6 3. Nc3 Nf6 4. Bc4 Bc5 5. d3 d6 6. h3 Be6 7. Bb3 h6 8. Be3
Bb6 9. Qe2 Nd4 10. Bxd4 exd4 11. Nd5 Ba5+ 12. Nd2 O-O 13. Nxf6+ Qxf6 14. O-O-O
Bxd2+ 15. Qxd2 Bxb3 16. axb3 a5 17. f4 b5 18. g4 a4 19. b4 a3 20. b3 Rfc8 21.
h4 a2 22. Kb2 a1=Q+ 23. Rxa1 Rxa1 24. Kxa1 Ra8+ 25. Kb1 d5 26. Qc1 dxe4 27. g5
hxg5 28. hxg5 Qd6 29. dxe4 d3 30. Rd1 dxc2+ 31. Qxc2 Qxb4 32. Rd5 Qa5 33. Kc1
Qa1+ 0-1